| 000 -LEADER | |
|---|---|
| fixed length control field | 00445nam a22001697a 4500 |
| 005 - DATE AND TIME OF LATEST TRANSACTION | |
| control field | 20180704115925.0 |
| 008 - FIXED-LENGTH DATA ELEMENTS--GENERAL INFORMATION | |
| fixed length control field | 160512b xxu||||| |||| 00| 0 eng d |
| 020 ## - INTERNATIONAL STANDARD BOOK NUMBER | |
| ISBN | 81-85989-28-1 |
| 041 ## - LANGUAGE CODE | |
| Language code of text/sound track or separate title | eng |
| 082 ## - DEWEY DECIMAL CLASSIFICATION NUMBER | |
| Item number | 1408 |
| Classification number | 658.15 |
| 100 ## - MAIN ENTRY--AUTHOR NAME | |
| Personal name | Rustagi, R.P. |
| 245 ## - TITLE STATEMENT | |
| Title | Financial Management(Theory, Concept & Problem) |
| 260 ## - PUBLICATION, DISTRIBUTION, ETC. (IMPRINT) | |
| Place of publication | New Delhi |
| Name of publisher | Galgotia Publ. Pvt. Ltd. |
| Year of publication | 2009 |
| 300 ## - PHYSICAL DESCRIPTION | |
| Number of Pages | 1070p, |
| 650 ## - SUBJECT ADDED ENTRY--TOPICAL TERM | |
| Topical Term | Management |
| 942 ## - ADDED ENTRY ELEMENTS (KOHA) | |
| Koha item type | Books |
| Lost status | Damaged status | Collection code | Home library | Current library | Shelving location | Date acquired | Source of acquisition | Cost, normal purchase price | Full call number | Accession Number | Koha item type |
|---|---|---|---|---|---|---|---|---|---|---|---|
| MANAGEMENT | JRU Library | JRU Library | SHELF-58 -I | 12/05/2016 | PURCHASE | 475.00 | 658.15 | 1408 | Books | ||
| MANAGEMENT | JRU Library | JRU Library | SHELF-58 -I | 12/05/2016 | PURCHASE | 475.00 | 658.15 | 1409 | Books | ||
| MANAGEMENT | JRU Library | JRU Library | SHELF-58 -I | 12/05/2016 | PURCHASE | 475.00 | 658.15 | 1410 | Books | ||
| Reference | JRU Library | SHELF-28-G | 12/05/2016 | 475.00 | 658.15 | 1411 | Books | ||||
| MANAGEMENT | JRU Library | JRU Library | SHELF-58 -I | 12/05/2016 | PURCHASE | 475.00 | 658.15 | 1412 | Books | ||
| MANAGEMENT | JRU Library | JRU Library | SHELF-58 -I | 12/05/2016 | PURCHASE | 475.00 | 658.15 | 1413 | Books | ||
| MANAGEMENT | JRU Library | JRU Library | SHELF-58 -I | 12/05/2016 | PURCHASE | 475.00 | 658.15 | 1414 | Books | ||
| MANAGEMENT | JRU Library | JRU Library | SHELF-58 -I | 12/05/2016 | PURCHASE | 475.00 | 658.15 | 1415 | Books | ||
| MANAGEMENT | JRU Library | JRU Library | SHELF-58 -I | 12/05/2016 | PURCHASE | 475.00 | 658.15 | 1416 | Books | ||
| MANAGEMENT | JRU Library | JRU Library | SHELF-58 -I | 12/05/2016 | PURCHASE | 475.00 | 658.15 | 1417 | Books | ||
| MANAGEMENT | JRU Library | JRU Library | SHELF-60-H | 12/05/2016 | 475.00 | 658.15 | 1418 | Books | |||
| MANAGEMENT | JRU Library | JRU Library | SHELF-60-H | 12/05/2016 | 475.00 | 658.15 | 1419 | Books | |||
| MANAGEMENT | JRU Library | JRU Library | SHELF-60-H | 12/05/2016 | 475.00 | 658.15 | 1420 | Books |